| 000 | 00631nam a2200217 u 4500 | ||
|---|---|---|---|
| 005 | 20230623063606.0 | ||
| 008 | 121023s2007 mx r 000 0 eng d | ||
| 020 | _a8493442690 (10 dígitos) | ||
| 020 | _a9788493442699 (13 dígitos) | ||
| 035 | _aUPN01000187896 | ||
| 049 | _aI | ||
| 050 | 4 |
_aPZ76.3 _bV4.2 |
|
| 100 | 1 |
_aVelasco, Jazmín, _d1971- _933173 |
|
| 245 | 1 | 3 |
_aEl árbol de Yayu / _cJazmín Velasco. |
| 260 |
_aMéxico : _bRM, _cc2007. |
||
| 300 |
_a[24] p. : _bil. col. |
||
| 650 | 4 |
_aCuentos infantiles mexicanos _97723 |
|
| 650 | 0 |
_aAnimales _vCuentos y leyendas _9234 |
|
| 905 | _aInfantil | ||
| 999 |
_c159999 _d159999 |
||